000 00223nam a22000857a 4500
008 160711b xxu||||| |||| 00| 0 eng d
100 _92571
_a Prakash, V
245 _aWhy Tease?
260 _aNew Delhi
_bDreamland Publication
_c2004
999 _c2236
_d2236